| 000 | 01496nam a2200361Ia 4500 | ||
|---|---|---|---|
| 001 | ebr10062920 | ||
| 003 | CaPaEBR | ||
| 006 | m u | ||
| 007 | cr cn||||||||| | ||
| 008 | 971027s1998 caua sb 001 0 eng d | ||
| 010 | _z 97039138 | ||
| 020 | _z0203214455 | ||
| 020 | _z0520212975 (alk. paper) | ||
| 020 | _z0520212983 (pbk. : alk. paper) | ||
| 040 |
_aCaPaEBR _cCaPaEBR |
||
| 035 | _a(OCoLC)560456179 | ||
| 050 | 1 | 4 |
_aML3479 _b.W37 1998eb |
| 082 | 0 | 4 |
_a781.643/0973 _221 |
| 100 | 1 |
_aWard, Brian, _d1961- |
|
| 245 | 1 | 0 |
_aJust my soul responding _h[electronic resource] : _brhythm and blues, Black consciousness, and race relations / _cBrian Ward. |
| 260 |
_aBerkeley, CA : _bUniversity of California Press, _cc1998. |
||
| 300 |
_axi, 600 p. : _bill. |
||
| 504 | _aIncludes bibliographical references (p. 519-548) and index. | ||
| 533 |
_aElectronic reproduction. _bPalo Alto, Calif. : _cebrary, _d2009. _nAvailable via World Wide Web. _nAccess may be limited to ebrary affiliated libraries. |
||
| 650 | 0 |
_aRhythm and blues music _xHistory and criticism. |
|
| 650 | 0 |
_aAfrican Americans _xMusic _xHistory and criticism. |
|
| 650 | 0 |
_aPopular music _zUnited States _xHistory and criticism. |
|
| 650 | 0 |
_aAfrican Americans _xCivil rights. |
|
| 650 | 0 | _aMusic and race. | |
| 655 | 7 |
_aElectronic books. _2local |
|
| 710 | 2 | _aebrary, Inc. | |
| 856 | 4 | 0 |
_uhttp://site.ebrary.com/lib/rucke/Doc?id=10062920 _zAn electronic book accessible through the World Wide Web; click to view |
| 999 |
_c47535 _d47535 |
||